Quiz The Walking Dead : l'histoire de deux frères - Statistiques

Statistiques générales
  • Ce quiz a été pris 17 fois
    16 depuis la dernière actualisation
  • Le résultat moyen est 11 sur 15
Statistiques - réponses
Question Réponse % Correct
Comment Daryl nomme-t-il la fille de Lori Grimes ? ''Petite dure à cuire''.
100%
Comment se nomme l'homme que Merle frappe violemment sur le toit avant de se faire menotter par Rick ? Theodore Douglas
100%
Cochez la proposition qui vous paraît la plus exacte concernant la personnalité de Daryl Dixon : Il a un caractère difficile, c'est une tête brûlée, un rustre, il est courageux et loyal.
92%
Comment se nomme la communauté où le Gouverneur emmène Merle, après l'avoir sauvé ? Woodbury
92%
Que reproche Daryl à son grand frère ? D'avoir quitté le nid familial trop tôt.
83%
Quelle genre de relation entretient Daryl avec Carol ? Une relation amicale, qui plus tard deviendra une sorte de relation frère-sœur.
83%
Complétez cette phrase : "Le père de Merle et Daryl Dixon était un ... " Alcoolique
75%
Cochez la proposition qui vous paraît la plus exacte concernant la personnalité de Merle Dixon : C'est un mercenaire, il n'a pas froid aux yeux, dur comme le fer, il est violent, raciste et provocateur.
75%
Dans la Saison 3, dans une forêt, qu'apprend Merle au sujet de son petit frère ? Il apprend que Daryl se faisait battre par leur père, tout comme il l'avait lui-même été dans le passé.
75%
Dans l'épisode 15 de la Saison 3, Merle veut tenter de tuer le Gouverneur seul; comment parvient-il à attirer l'attention des alliés du Gouverneur, afin qu'il puisse en tuer quelques-uns ? Il attire une horde de rôdeurs vers les ennemis grâce à une autoradio.
75%
Dans la Saison 1, Merle, laissé pour mort et attaché à un tuyau avec des menottes, sur un toit, finit tout de même par survivre et par se libérer en tranchant l'une de ses mains avec une scie... De quelle main s'agit-il ? La droite
75%
Merle finit par mourir ... Mais juste avant sa mort, que lui arrive-t-il ? Le Gouverneur lui arrache l'index et le majeur de sa main valide avec ses dents.
75%
Enfin, retrouvez les caractéristiques du prénom Daryl : Nerveux, complexé, froid, curieux, intelligent et pensif.
67%
Leur mère est décédée. Comment ? Dans un incendie
50%
Retrouvez les caractéristiques du prénom Merle : Extraverti, agressif, accrocheur, passionné et très possessif.
17%
Aucun quiz correspondant
Distribution des résultats
% des personnes avec chaque résultat
Percentile par nombre de réponses
Votre historique - résultats
Vous n’avez pas pris ce quiz depuis la dernière actualisation